| 000 | 00643nam a22002297a 4500 | ||
|---|---|---|---|
| 003 | DO-SdBNP | ||
| 005 | 20210915120150.0 | ||
| 007 | ta | ||
| 008 | 210915b 2019 dr 00| 0 eng d | ||
| 020 | _a9788417382285 | ||
| 040 |
_aDO-SdBNP _bspa _cBNPHU |
||
| 082 | 4 |
_2BNPHU _bP438g |
|
| 100 | 1 |
_aPérez, José Tomás, _d1956- _979889 |
|
| 245 | 1 | 3 |
_aLa gente detrás del muro / _cJosé Tomás Pérez |
| 250 | _a2a ed. | ||
| 260 |
_aSanto Domiongo : _bCaligrama, _c2019. |
||
| 300 |
_a247 p. ; _c23 cm. |
||
| 500 | _aIncluye datos biográficos en la contracubierta | ||
| 590 | _aInventariado, 2021/BT | ||
| 910 | _aBtavárez | ||
| 942 |
_2ddc _cLBS1 |
||
| 999 |
_c50515 _d50515 |
||